Les atomes - Statistiques

Statistiques générales
  • Ce quiz a été pris 71 fois
  • Le résultat moyen est 39 sur 118
Statistiques - réponses
Numéro atomique Atome % Correct
1 Hydrogène
93%
8 Oxygène
86%
7 Azote
84%
6 Carbone
82%
2 Hélium
82%
79 Or
82%
26 Fer
80%
19 Potassium
77%
3 Lithium
75%
47 Argent
73%
12 Magnésium
73%
5 Bore
68%
17 Chlore
68%
9 Fluor
66%
4 Béryllium
64%
16 Soufre
64%
13 Aluminium
59%
29 Cuivre
59%
54 Xénon
59%
18 Argon
57%
10 Néon
57%
92 Uranium
57%
11 Sodium
55%
20 Calcium
52%
14 Silicium
52%
30 Zinc
52%
15 Phosphore
50%
32 Germanium
48%
22 Titane
48%
24 Chrome
45%
27 Cobalt
45%
31 Gallium
45%
53 Iode
45%
25 Manganèse
45%
33 Arsenic
39%
99 Einsteinium
39%
50 Etain
39%
87 Francium
39%
36 Krypton
39%
80 Mercure
39%
94 Plutonium
39%
35 Brome
36%
28 Nickel
36%
78 Platine
36%
84 Polonium
36%
88 Radium
36%
86 Radon
36%
55 Césium
34%
74 Tungstène
34%
23 Vanadium
34%
39 Yttrium
34%
46 Palladium
32%
21 Scandium
32%
34 Sélénium
32%
118 Oganesson
30%
37 Rubidium
30%
38 Strontium
30%
40 Zirconium
27%
95 Américium
25%
93 Neptunium
25%
82 Plomb
25%
52 Tellure
25%
117 Tennesse
25%
48 Cadmium
23%
98 Californium
23%
42 Molybdène
23%
81 Thallium
23%
51 Antimoine
20%
49 Indium
20%
77 Iridium
20%
57 Lanthane
20%
45 Rhodium
20%
73 Tantale
20%
85 Astate
18%
56 Baryum
18%
58 Cérium
18%
96 Curium
18%
68 Erbium
18%
103 Lawrencium
18%
60 Néodyme
18%
112 Copernicium
16%
63 Europium
16%
100 Fermium
16%
64 Gadolinium
16%
72 Hafnium
16%
101 Mendelévium
16%
41 Niobium
16%
44 Ruthénium
16%
43 Technétium
16%
89 Actinium
14%
97 Berkélium
14%
110 Darmstadtium
14%
114 Flérovium
14%
115 Moscovium
14%
102 Nobélium
14%
76 Osmium
14%
59 Praséodyme
14%
62 Samarium
14%
70 Ytterbium
14%
83 Bismuth
11%
105 Dubnium
11%
67 Holmium
11%
116 Livermorium
11%
113 Nihonium
11%
91 Protactinium
11%
75 Rhénium
11%
111 Roentgenium
11%
104 Rutherfordium
11%
65 Terbium
11%
69 Thulium
11%
107 Bohrium
9%
66 Dysprosium
9%
108 Hassium
9%
71 Lutécium
9%
109 Meitnerium
9%
61 Prométhium
9%
106 Seaborgium
9%
90 Thorium
9%
Aucun quiz correspondant
Distribution des résultats
% des personnes avec chaque résultat
Percentile par nombre de réponses
Votre historique - résultats
Vous n’avez pas pris ce quiz